Top100 - Le plus de minutes en Champions League - Statistiques

Statistiques générales
  • Ce quiz a été pris 94 fois
  • Le résultat moyen est 69 sur 100
Statistiques - réponses
Réponse Poste Pays Club Actif Minutes % Correct
2 Cristiano Ronaldo Avant-centre Portugal Real Madrid 15.758
100%
3 Lionel Messi Ailier droit Argentine FC Barcelone 13.577
100%
4 Manuel Neuer Gardien de but Allemagne Bayern Munich X 13.453
99%
11 Robert Lewandowski Avant-centre Pologne Bayern Munich X 11.108
99%
10 Gianluigi Buffon Gardien de but Italie Juventus Turin 11.160
98%
12 Karim Benzema Avant-centre France Real Madrid 10.943
96%
16 Thomas Müller Deuxième attaquant Allemagne Bayern Munich 10.452
96%
37 Thiago Silva Défenseur central Brésil Paris SG 8.808
95%
92 Bernardo Silva Milieu offensif Portugal Manchester City X 6.653
94%
1 Iker Casillas Gardien de but Espagne Real Madrid 15.787
94%
5 Sergio Ramos Défenseur central Espagne Real Madrid 12.449
94%
19 Zlatan Ibrahimović Avant-centre Suède Paris SG 9.898
94%
31 Andrés Iniesta Milieu central Espagne FC Barcelone 9.238
93%
21 Luka Modrić Milieu central Croatie Real Madrid 9.867
93%
57 Thibaut Courtois Gardien de but Belgique Real Madrid X 7.906
93%
9 Xavi Milieu central Espagne FC Barcelone 11.308
93%
30 Marquinhos Défenseur central Brésil Paris SG X 9.242
92%
18 Pepe Défenseur central Portugal Real Madrid 10.038
91%
7 Toni Kroos Milieu central Allemagne Real Madrid 11.635
89%
54 Antoine Griezmann Deuxième attaquant France Atletico de Madrid X 7.971
88%
13 Gerard Piqué Défenseur central Espagne FC Barcelone 10.627
88%
41 Thierry Henry Avant-centre France Arsenal FC 8.603
88%
85 Neymar Milieu offensif Brésil Paris SG 6.908
87%
33 Oliver Kahn Gardien de but Allemagne Bayern Munich 9.207
87%
24 Philipp Lahm Arrière droit Allemagne Bayern Munich 9.739
87%
26 Carles Puyol Défenseur central Espagne FC Barcelone 9.585
86%
83 Kylian Mbappé Avant-centre France Paris SG X 6.956
86%
53 Marcelo Arrière gauche Brésil Real Madrid 7.985
86%
8 Paolo Maldini Arrière gauche Italie AC Milan 11.450
86%
6 Raúl Deuxième attaquant Espagne Real Madrid 11.989
86%
23 Dani Alves Arrière droit Brésil FC Barcelone 9.747
85%
20 David Alaba Défenseur central Autriche Bayern Munich X 9.884
85%
17 Sergio Busquets Milieu défensif Espagne FC Barcelone 10.395
85%
22 Petr Cech Gardien de but Tchèquie Chelsea FC 9.845
82%
80 Mohamed Salah Ailier droit Égypte FC Liverpool X 7.035
81%
15 Roberto Carlos Arrière gauche Brésil Real Madrid 10.488
81%
55 Ángel Di María Ailier droit Argentine Paris SG 7.955
80%
44 Jan Oblak Gardien de but Slovénie Atletico de Madrid X 8.437
79%
65 Marc-André ter Stegen Gardien de but Allemagne FC Barcelone X 7.650
79%
36 Patrice Evra Arrière gauche France Manchester United 8.944
79%
28 Víctor Valdés Gardien de but Espagne FC Barcelone 9.540
79%
72 Arjen Robben Ailier droit Pays-Bas Bayern Munich 7.396
78%
38 Edwin van der Sar Gardien de but Pays-Bas Manchester United 8.731
78%
14 Ryan Giggs Milieu gauche Pays de Galles Manchester United 10.556
78%
70 Daniel Carvajal Arrière droit Espagne Real Madrid X 7.440
76%
39 Andrea Pirlo Milieu défensif Italie AC Milan 8.730
75%
49 Andriy Shevchenko Avant-centre Ukraine AC Milan 8.215
75%
43 Frank Lampard Milieu central Angleterre Chelsea FC 8.465
75%
84 Wayne Rooney Avant-centre Angleterre Manchester United 6.953
75%
94 Zinédine Zidane Milieu offensif France Real Madrid 6.627
75%
63 Ederson Gardien de but Brésil Manchester City X 7.678
74%
68 Raphaël Varane Défenseur central France Real Madrid 7.536
74%
77 Didier Drogba Avant-centre Côte d'Ivoire Chelsea FC 7.117
73%
27 John Terry Défenseur central Angleterre Chelsea FC 9.573
73%
98 Kaká Milieu offensif Brésil AC Milan 6.526
71%
69 Leonardo Bonucci Défenseur central Italie Juventus Turin 7.506
71%
32 Paul Scholes Milieu central Angleterre Manchester United 9.230
71%
51 Rio Ferdinand Défenseur central Angleterre Manchester United 8.178
71%
50 Claude Makélélé Milieu défensif France Chelsea FC 8.209
69%
25 Xabi Alonso Milieu défensif Espagne Real Madrid 9.675
69%
42 Alessandro Nesta Défenseur central Italie AC Milan 8.494
68%
34 Ashley Cole Arrière gauche Angleterre Chelsea FC 9.170
68%
29 Clarence Seedorf Milieu central Pays-Bas AC Milan 9.519
68%
48 Javier Zanetti Arrière droit Argentine Inter Milan 8.230
68%
91 Jordi Alba Arrière gauche Espagne FC Barcelone 6.683
68%
61 Joshua Kimmich Milieu défensif Allemagne Bayern Munich X 7.820
68%
59 İlkay Gündoğan Milieu central Allemagne Manchester City X 7.897
67%
45 Koke Milieu central Espagne Atletico de Madrid X 8.387
67%
46 Luís Figo Ailier droit Portugal Real Madrid 8.361
67%
- Casemiro Milieu défensif Brésil Real Madrid 6.526
66%
89 Ivan Rakitic Milieu central Croatie FC Barcelone 6.713
65%
96 Alessandro Del Piero Deuxième attaquant Italie Juventus Turin 6.574
64%
40 David Beckham Milieu central Angleterre Manchester United 8.694
62%
52 Javier Mascherano Milieu défensif Argentine FC Barcelone 8.109
62%
71 Mats Hummels Défenseur central Allemagne Borussia Dortmund 7.404
62%
58 Nicolás Otamendi Défenseur central Argentine SL Benfica 7.902
62%
47 Cesc Fàbregas Milieu central Espagne Arsenal FC 8.253
61%
62 Fernandinho Milieu défensif Brésil Manchester City 7.805
59%
66 Maxwell Arrière gauche Brésil Paris SG 7.607
59%
56 Michael Ballack Milieu central Allemagne Chelsea FC 7.926
56%
93 Gennaro Gattuso Milieu central Italie AC Milan 6.632
54%
35 Gary Neville Arrière droit Angleterre Manchester United 9.047
53%
82 Jérôme Boateng Défenseur central Allemagne Bayern Munich 6.966
51%
64 Ricardo Carvalho Défenseur central Portugal Chelsea FC 7.651
51%
79 Bastian Schweinsteiger Milieu central Allemagne Bayern Munich 7.061
49%
88 Pepe Reina Gardien de but Espagne FC Liverpool 6.755
46%
97 Wojciech Szczesny Gardien de but Pologne Juventus Turin X 6.558
44%
95 César Azpilicueta Défenseur central Espagne Chelsea FC 6.593
39%
73 Lúcio Défenseur central Brésil Bayern Munich 7.290
34%
78 Frank de Boer Défenseur central Pays-Bas FC Barcelone 7.071
29%
76 Jamie Carragher Défenseur central Angleterre FC Liverpool 7.131
28%
74 Axel Witsel Défenseur central Belgique Zenit St. Pétersbourg 7.197
25%
87 Míchel Salgado Arrière droit Espagne Real Madrid 6.778
14%
60 Paco Gento Ailier gauche Espagne Real Madrid 7.827
13%
81 Alessandro Costacurta Défenseur central Italie AC Milan 6.980
11%
90 Phillip Cocu Milieu défensif Pays-Bas FC Barcelone 6.708
8%
67 Iván Helguera Défenseur central Espagne Real Madrid 7.564
5%
100 Christian Panucci Arrière droit Italie AS Roma 6.474
1%
- Oleksandr Shovkovskyi Gardien de but Ukraine Dynamo Kyiv 6.908
0%
75 Sergey Ignashevich Défenseur central Russie CSKA Moscou 7.177
0%
Aucun quiz correspondant
Distribution des résultats
% des personnes avec chaque résultat
Percentile par nombre de réponses
Votre historique - résultats
Vous n’avez pas pris ce quiz